Statistics for Nicki Minaj Songs and Features

Click here to take the quiz!

General Stats

  • This quiz has been taken 816 times
  • The average score is 10 of 24

Answer Stats

HintAnswer% Correct
Let's go to the beach, each, Let's go get awayStarships - Nicki Mianj
83%
When he come up in the club he be blazin' up, Got stacks on deck like he savin' upSuperbass - Nicki Minaj
82%
I believe that life is a prize, but to live doesn't mean you're aliveMoment 4 Life - Nicki Minaj ft. Drake
69%
I'm starting to feel like a dungeon dragon Rah, rah, like a dungeon dragonRoman's Revenge - Nicki Minaj ft. Eminem
65%
Okay I get, let me think, i guess it's my turnBedrock - Young Money
61%
I am not a girl that can ever be definedFly - Nicki Minaj ft. Rihanna
57%
Just met a boy Just met a boy when.Va Va Voom - Nicki Minaj
54%
UH, YO, YO, I get it cracking like a bad back.Stupid H*e - Nicki Minaj
53%
Shawty imma tell you this once, you the illestYour Love - Nicki Minaj
51%
Man I'm out in Texas, man, I'm out in A-town Then I'm up in Chi-town or Miami shuttin' it down It's that New Orleans, it's LA or The BayBeez In The Trap - Nicki Minaj ft. 2 Chainz
49%
PB! PB! Who's Peabo Bryson? Two years ago I renewed my licenseWhere Them Girls At - David Guetta ft. Flo Fida & Nicki Minaj
48%
You let me win, you let me ride, You let me rock, you let me slideRight Thru Me - Nicki Minaj
43%
Doctor Doctor need you back home in bed.Turn Me On - David Guetta ft. Nicki Minaj
38%
That got me walkin' round ready to wear your big chain, I only argue with them when the lakers on, Other than that, I'm gettin' my Marc Jacobs onRight By My Side - Nicki Minaj ft. Chris Brown
36%
Monster, you know it wouldn't be proper If we didn't return with a big rocket launcherMassive Attack - Nicki Minaj
34%
Young Money, Cash Money in the building, Let's go the world ends tonight2012 - Jay Sean ft. Nicki Minaj
28%
It was back in '07 did a couple of tapes, Did a couple DVD's, made a couple mistakesI'm The Best - Nicki Minaj
27%
I guess I went commercial, just shot a commercial When I flew to the set, though, I ain’t fly commercialRoman Reloaded - Nicki Minaj ft. Lil' Wayne
27%
Play with me, check who came with me I bought a couple 9′s, plus the k's with meI Am Your Leader - Nicki Minaj ft. Cam'ron & Rick Ross
26%
Zipping, I’m zipping, I’m zippin’ Soon as they come out, I’m dippin’HOV Lane - Nicki Minaj
23%
Oh no we don't play with silly girls, All i know is the material girlsMuny - Nicki Minaj
23%
I used to think that we’d run away, One lovely, pretty summer day, I remember when you would say, We'd be ok, come what mayYoung Forever - Nicki Minaj
20%
Cobblestone, good view, little gravel too, Gotta pay for the entourage travel tooMake Me Proud - Drake ft. Nicki Minaj
18%
My head goes round and around, round and around, Now I'm thinking If we could be, stranger what you say?Whip it - Nicki Minaj
17%

Score Distribution

Percentile by Number Answered

Percent of People with Each Score

Your Score History

You have not taken this quiz